| 000 | 00000nam 2200000zi 4500 |
| 001 | 9.926477 |
| 003 | CaOODSP |
| 005 | 20251103145122 |
| 006 | m o d f |
| 007 | cr cn||||||||| |
| 008 | 230823t202305##onc ob f000 0 fre d |
| 020 | |a9780660676043 |
| 040 | |aCaOODSP|bfre|erda|cCaOODSP |
| 043 | |an-cn--- |
| 086 | 1 |aJ4-144/2023F-PDF |
| 100 | 1 |aArmos, Nicole, |eauteur. |
| 245 | 10|aExpériences des familles autochtones dans le système de justice familiale : |bun examen de la documentation et les perspectives des professionnels du droit et de la justice familiale de première ligne / |cNicole Armos, Dane Allard, Meribeth Deen, Sarah Jackson, Victoria Perrie, Victoria Weir, Lindsay Heller, Robert Daum. |
| 264 | 1|a[Ottawa] : |bMinistère de la Justice Canada = Department of Justice Canada, |cmai 2023. |
| 264 | 4|c©2023 |
| 300 | |a1 ressource en ligne (37 pages) |
| 336 | |atexte|btxt|2rdacontent/fre |
| 337 | |ainformatique|bc|2rdamedia/fre |
| 338 | |aressource en ligne|bcr|2rdacarrier/fre |
| 500 | |aTitre de la couverture. |
| 500 | |aPublié aussi en anglais sous le titre : Experiences of Indigenous families in the family justice system: a literature review and perspectives from legal and frontline family justice professionals. |
| 504 | |aComprend des références bibliographiques. |
| 650 | 6|aAutochtones|xDroit|zCanada. |
| 650 | 6|aFamilles|xDroit|xRecherche|zCanada. |
| 710 | 1 |aCanada. |bMinistère de la justice, |eorganisme de publication. |
| 775 | 08|tExperiences of Indigenous families in the family justice system : |w(CaOODSP)9.926474 |
| 856 | 40|qPDF|s644 Ko|uhttps://publications.gc.ca/collections/collection_2023/jus/J4-144-2023-fra.pdf |
| 856 | 4 |qHTML|sS.O.|uhttps://www.justice.gc.ca/fra/pr-rp/jr/efasjf-eiffjs/index.html |